000
00227nam a22000857a 4500
008
160916b xxu||||| |||| 00| 0 eng d
100
_9
575
_a
Kishnani.M.etal
245
_a
Lab Science-8
260
_a
New Delhi
_b
Rachna. Publications
_c
2011
999
_c
3231
_d
3231